[Event "TCh-RUS Women 2018"]
[Site "Sochi RUS"]
[Date "2018.05.04"]
[Round "4.3"]
[Board "1"]
[White "Suslova, Alena"]
[Black "Nikitina, Elena"]
[Result "1-0"]
[WhiteTitle "WFM"]
[BlackTitle "WFM"]
[WhiteElo "2153"]
[BlackElo "2047"]
[WhiteTeam "Yuzny Ural Chelyabinsk"]
[BlackTeam "Tolpar"]
[WhiteFideId "24111643"]
[BlackFideId "24110949"]
[EventDate "2018.05.01"]

1. c4 e6 2. Nf3 d5 3. g3 Nf6 4. Bg2 c5 5. d4 Nc6 6. O-O Be7 7. cxd5 Nxd5 8. dxc5
Bxc5 9. Qc2 Be7 10. a3 Bd7 11. e4 Nb6 12. Nc3 O-O 13. Rd1 Rc8 14. Bf4 Qe8 15.
Qd3 Na5 16. Ne5 Ba4 17. Nxa4 Qxa4 18. Rac1 Rcd8 19. Qe2 Nb3 20. Rxd8 Bxd8 21.
Rd1 Be7 22. Be3 f6 23. Nf3 e5 24. Bh3 Nc5 25. Bxc5 Bxc5 26. Rc1 Bd6 27. Be6+ Kh8
28. h4 Qe8 29. Ba2 g6 30. h5 Qd7 31. Nh4 Kg7 32. Kg2 Nc8 33. Qe3 a6 34. Rh1 Rh8
35. Qb3 Rf8 36. Qe3 Rh8 37. h6+ Kf8 38. Qb3 Ke8 39. Rc1 Kd8 40. Qe3 Re8 41. Bd5
Bb8 42. Qb3 Re7 43. Rd1 Bd6 44. Qf3 Qa4 45. b3 Qxa3 46. Qxf6 Kc7 47. Bf7 Qb4 48.
Rc1+ Kb8 49. Rc4 Qd2 50. Nxg6 Rc7 51. Nxe5 Be7 52. Qe6 Rxc4 53. Nxc4 Qd4 54. Bg8
Qf6 55. Qxf6 Bxf6 56. f4 b5 57. Ne3 a5 58. e5 Be7 59. Bxh7 Bf8 60. Ng4 a4 61.
bxa4 bxa4 62. Bg8 Ne7 63. h7 Bg7 64. Kf3 Nf5 65. Ne3 Nd4+ 66. Ke4 Ne2 67. g4 Kc7
68. Nd5+ Kd8 69. Nb4 Ke8 70. Na2 Kf8 71. Ke3 Ng3 72. Bc4 1-0

[Event "TCh-RUS Women 2018"]
[Site "Sochi RUS"]
[Date "2018.05.04"]
[Round "4.3"]
[Board "3"]
[White "Mamontova, Anastasia"]
[Black "Khatmullina, Dilara"]
[Result "1-0"]
[WhiteTitle "WFM"]
[WhiteElo "2051"]
[BlackElo "1860"]
[WhiteTeam "Yuzny Ural"]
[BlackTeam "Tolpar"]
[WhiteFideId "34100234"]
[BlackFideId "24191418"]
[EventDate "2018.05.01"]

1. d4 d6 2. c4 e5 3. d5 f5 4. Nc3 Nf6 5. e4 fxe4 6. Nge2 Be7 7. Ng3 O-O 8. Ncxe4
Nxe4 9. Nxe4 Bf5 10. Bd3 Qe8 11. Ng3 Bxd3 12. Qxd3 Na6 13. Be3 Nb4 14. Qc3 a5
15. a3 Na6 16. Qxa5 Nc5 17. Qc3 Bf6 18. Bxc5 dxc5 19. Ne4 Qg6 20. Nxf6+ Rxf6 21.
O-O e4 22. Rae1 Raf8 23. Qe3 Rf4 24. Qxc5 b6 25. Qxc7 e3 26. fxe3 Rxf1+ 27. Rxf1
Rxf1+ 28. Kxf1 Qd3+ 29. Kf2 Qd2+ 30. Kf3 Qd1+ 31. Ke4 Qc2+ 32. Ke5 Qxg2 33. Qc8+
Kf7 34. Qe6+ Kf8 35. Kd6 Qxh2+ 36. Kd7 1-0

[Event "TCh-RUS Women 2018"]
[Site "Sochi RUS"]
[Date "2018.05.04"]
[Round "4.3"]
[Board "4"]
[White "Baiburina, Kamilla"]
[Black "Denikina, Natalia"]
[Result "1/2-1/2"]
[BlackTitle "WFM"]
[WhiteElo "1860"]
[BlackElo "2174"]
[WhiteTeam "Tolpar"]
[BlackTeam "Yuzny Ural Chelyabinsk"]
[WhiteFideId "34109584"]
[BlackFideId "4135563"]
[EventDate "2018.05.01"]

1. e4 c5 2. Nf3 d6 3. c3 Nf6 4. Be2 Nbd7 5. Qc2 Qc7 6. O-O g6 7. Re1 Bg7 8. d3
O-O 9. Nbd2 b6 10. Nf1 Bb7 11. Ng3 e5 12. Bd2 d5 13. Bf1 Rfe8 14. Qc1 dxe4 15.
dxe4 c4 16. Bh6 Bh8 17. h4 Ng4 18. Bg5 Nf8 19. Nh2 Nxh2 20. Kxh2 Ne6 21. Qe3 Nf4
22. f3 Bg7 23. Qf2 Ne6 24. Be3 Bf6 25. Ne2 Rad8 26. a4 Be7 27. Nc1 Rd7 28. a5
Bc5 29. Bxc5 Nxc5 30. Bxc4 Nxe4 31. fxe4 Qxc4 32. Qe3 Red8 33. b3 Qe6 34. Ra2
Kg7 35. axb6 axb6 36. Rf2 h5 37. Qg3 Rd1 38. Rxd1 Rxd1 39. Nd3 Bxe4 40. Qxe5+
Qxe5+ 41. Nxe5 f5 42. Nc4 b5 43. Na3 Bc6 44. Nc2 Rd3 45. c4 bxc4 46. Nb4 Rd6 47.
bxc4 Be4 48. Nc2 Rd3 49. Re2 Rc3 50. Ne3 Kf7 51. Kg1 Bd3 52. Ra2 Bxc4 53. Nxc4
Rxc4 54. g3 Rg4 55. Kh2 f4 56. gxf4 Rxf4 57. Kg3 Rg4+ 58. Kh3 Re4 59. Ra7+ Kf6
60. Ra6+ Kf5 61. Ra5+ Re5 62. Ra3 Kf4 63. Ra4+ Re4 64. Ra6 Re3+ 65. Kh2 Kf5 66.
Ra5+ Re5 67. Ra6 Re6 68. Ra5+ Kf4 69. Rg5 Rf6 70. Kh3 Re6 71. Kh2 Ra6 72. Kh3
Kf3 73. Rg3+ Ke4 74. Rg5 Rf6 75. Kh2 Rf2+ 76. Kh3 Rf1 77. Kg2 Rf4 78. Kh3 Rf3+
79. Kg2 Rf6 1/2-1/2

[Event "TCh-RUS Women 2018"]
[Site "Sochi RUS"]
[Date "2018.05.05"]
[Round "5.1"]
[Board "2"]
[White "Ovod, Evgenija"]
[Black "Kashlinskaya, Alina"]
[Result "0-1"]
[WhiteTitle "IM"]
[BlackTitle "IM"]
[WhiteElo "2371"]
[BlackElo "2448"]
[WhiteTeam "SShOR St. Petersburg"]
[BlackTeam "Legacy Square Capital Moscow"]
[WhiteFideId "4131827"]
[BlackFideId "4198026"]
[EventDate "2018.05.01"]

1. d4 Nf6 2. Bf4 d5 3. e3 c5 4. c3 Nc6 5. Nd2 e6 6. Ngf3 Bd6 7. Bg3 O-O 8. Bb5
Ne7 9. Bd3 Nf5 10. Bxf5 exf5 11. Bxd6 Qxd6 12. dxc5 Qxc5 13. O-O a5 14. Nd4 Ra6
15. a4 Ne4 16. N2b3 Qe7 17. Qf3 Rd8 18. h3 Rb6 19. Rfd1 Ng5 20. Qe2 f4 21. Nxa5
Nxh3+ 22. Kf1 fxe3 23. Qxe3 Qxe3 24. fxe3 Rf6+ 25. Ke1 Nf2 26. Rd2 Ne4 27. Rc2
Re8 28. Nab3 Nd6 29. Rf2 Rxe3+ 30. Kf1 Rh6 31. Re2 Rxe2 32. Kxe2 Nc4 33. Ra2 Rg6
34. Kf2 Rf6+ 35. Kg1 h5 36. Nf3 Rb6 37. Nfd2 Ne5 38. Nd4 h4 39. N2f3 Nxf3+ 40.
gxf3 g5 41. b4 g4 42. fxg4 Rg6 43. a5 f5 44. g5 Rxg5+ 45. Rg2 Rg4 46. Rxg4+ fxg4
47. Nb5 g3 48. Kg2 Kg7 49. Nd6 Bd7 50. b5 Kf6 51. Nxb7 Bxb5 52. Nc5 Kf5 53. Nb3
Kg4 54. Nd4 h3+ 55. Kg1 Bd3 56. a6 h2+ 0-1

[Event "TCh-RUS Women 2018"]
[Site "Sochi RUS"]
[Date "2018.05.05"]
[Round "5.1"]
[Board "3"]
[White "Kovalevskaya, Ekaterina"]
[Black "Belenkaya, Dina"]
[Result "0-1"]
[WhiteTitle "IM"]
[BlackTitle "WGM"]
[WhiteElo "2397"]
[BlackElo "2297"]
[WhiteTeam "Legacy Square Capital Moscow"]
[BlackTeam "SShOR St. Petersburg"]
[WhiteFideId "4116704"]
[BlackFideId "24142654"]
[EventDate "2018.05.01"]

1. e4 c6 2. d4 d5 3. exd5 cxd5 4. Bd3 Nc6 5. c3 Nf6 6. Bf4 Bg4 7. Nf3 e6 8. Nbd2
Bd6 9. Bg3 Qc7 10. O-O Bxg3 11. hxg3 Bh5 12. Re1 Bg6 13. Nf1 Bxd3 14. Qxd3 O-O
15. N1h2 Ne4 16. Ng4 f5 17. Nge5 Rf6 18. Qe3 Qe7 19. Nxc6 bxc6 20. Ne5 Rh6 21.
Nxc6 Qe8 22. f3 Qxc6 23. fxe4 fxe4 24. Rf1 Qb6 25. Rf2 Rf6 26. Rxf6 gxf6 27. Rf1
Rf8 28. Rf2 Rf7 29. Qh6 e5 30. Rd2 Rg7 31. Qe3 Rg5 32. Qf2 Kg7 33. dxe5 Rxe5 34.
Qxb6 axb6 35. Kf1 Kf7 36. Rd4 Ke7 37. Rb4 Re6 38. Ke2 Kd7 39. Ke3 f5 40. Rd4 Kc6
41. Rd2 Rg6 42. Kf4 Rg4+ 43. Kxf5 e3 44. Re2 Re4 45. a4 Kc5 46. b3 Re8 47. Kf6
d4 48. b4+ Kc4 49. cxd4 Kxd4 50. a5 bxa5 51. bxa5 Kd3 52. Re1 e2 53. g4 Kd2 54.
Ra1 e1=Q 55. Rxe1 Kxe1 56. g5 Kf2 57. g4 Kf3 58. g6 hxg6 59. g5 Kg4 60. Kxg6
Rg8+ 61. Kf6 Rxg5 62. a6 Ra5 0-1

[Event "TCh-RUS Women 2018"]
[Site "Sochi RUS"]
[Date "2018.05.05"]
[Round "5.1"]
[Board "4"]
[White "Styazhkina, Anna"]
[Black "Shuvalova, Polina"]
[Result "1-0"]
[WhiteTitle "WIM"]
[BlackTitle "WIM"]
[WhiteElo "2299"]
[BlackElo "2416"]
[WhiteTeam "SShOR St. Petersburg"]
[BlackTeam "Legacy Square Capital Moscow"]
[WhiteFideId "24119300"]
[BlackFideId "24171760"]
[EventDate "2018.05.01"]

1. e4 c6 2. d4 d5 3. exd5 cxd5 4. Bd3 Nc6 5. c3 Nf6 6. Bf4 Bg4 7. Nf3 e6 8. h3
Bh5 9. O-O Bd6 10. Bxd6 Qxd6 11. Nbd2 Bg6 12. Bxg6 hxg6 13. Qe2 Rh5 14. Rfe1 Qc7
15. b4 Nd7 16. a4 Kf8 17. Nf1 Rc8 18. Ng3 Rh8 19. Ng5 Qd6 20. f4 Rh4 21. Rf1 Nd8
22. Qf2 Rh8 23. Qe3 Qc6 24. Ne2 f6 25. Nf3 Nf7 26. b5 Qd6 27. Qd3 Rh6 28. Nh2 g5
29. fxg5 Nxg5 30. Ng4 Rh4 31. Nf4 Kg8 32. Qg6 Qe7 33. Nh5 Kh8 34. Nf4 Nf8 35.
Qd3 Ne4 36. Rac1 g5 37. Ne2 Kg7 38. Ng3 f5 39. Ne5 Nd6 40. Rce1 Qc7 41. Qd2 f4
42. Ne2 Nd7 43. Nf3 Ne4 44. Qb2 Rhh8 45. Qb4 Qd8 46. h4 Rc4 47. Qa3 gxh4 48.
Nxf4 Rh6 49. Rxe4 dxe4 50. Nd2 Rc8 51. Qd6 Nf8 52. Qe5+ Kg8 53. Nxe4 Qc7 54. Nd6
Rb8 55. Nh5 Rxh5 56. Qxh5 Qxd6 57. Qf7+ Kh8 58. Rf6 Ng6 59. Qxg6 Rf8 60. Qh6+
Kg8 61. Qg5+ 1-0

[Event "TCh-RUS Women 2018"]
[Site "Sochi RUS"]
[Date "2018.05.05"]
[Round "5.2"]
[Board "1"]
[White "Bivol, Alina"]
[Black "Ushenina, Anna"]
[Result "0-1"]
[WhiteTitle "WGM"]
[BlackTitle "GM"]
[WhiteElo "2327"]
[BlackElo "2443"]
[WhiteTeam "Moskovskaya oblast"]
[BlackTeam "Ugra"]
[WhiteFideId "4100123"]
[BlackFideId "14110911"]
[EventDate "2018.05.01"]

1. Nf3 d5 2. g3 g6 3. d4 c6 4. Bg2 Bg7 5. O-O Nf6 6. Nbd2 O-O 7. b3 a5 8. c4 Bf5
9. Bb2 a4 10. e3 Nbd7 11. Qe2 Ne4 12. Nxe4 Bxe4 13. Bh3 dxc4 14. bxc4 a3 15. Bc3
Nc5 16. Ne1 Na4 17. Qd2 c5 18. Rd1 Nxc3 19. Qxc3 Qb6 20. Qd2 cxd4 21. exd4 Rfd8
22. d5 e6 23. d6 Bf8 24. Qe2 Bc6 25. Nd3 Bxd6 26. Rc1 Qd4 27. Ne1 Bf8 28. Bg2
Qd2 29. Rc2 Qxe2 30. Rxe2 Rac8 31. Nf3 Bg7 32. Re3 Bb2 33. Rb3 Be8 34. Rb4 Rc7
35. Ng5 h6 36. Nf3 Kg7 37. Rb1 Rd3 38. Ne1 Rd4 39. Bf1 Bc6 40. f3 Rd2 41. Rb3
Bd4+ 42. Kh1 Rxa2 43. Bd3 Rf2 44. Rxa3 Rxf3 45. Ng2 e5 46. Rab3 Rc8 47. Bf1 Rxb3
48. Rxb3 Ra8 49. Rb1 Ra2 50. h4 Ra3 51. Kh2 Bf2 52. g4 Bf3 53. g5 hxg5 54. hxg5
Ra8 55. Ne1 Rh8+ 56. Bh3 Bxe1 57. Rxe1 Bg4 0-1

[Event "TCh-RUS Women 2018"]
[Site "Sochi RUS"]
[Date "2018.05.05"]
[Round "5.2"]
[Board "2"]
[White "Pogonina, Natalija"]
[Black "Lysenko, Margarita"]
[Result "1-0"]
[WhiteTitle "WGM"]
[BlackTitle "WFM"]
[WhiteElo "2457"]
[BlackElo "2220"]
[WhiteTeam "Ugra"]
[BlackTeam "Moskovskaya oblast"]
[WhiteFideId "4147855"]
[BlackFideId "34100200"]
[EventDate "2018.05.01"]

1. d4 d5 2. c4 c6 3. e3 Bf5 4. Nc3 e6 5. Nf3 Nd7 6. Be2 Bd6 7. O-O h6 8. Bd3
Bxd3 9. Qxd3 Ngf6 10. e4 dxe4 11. Nxe4 Nxe4 12. Qxe4 O-O 13. b3 Re8 14. Bb2 Qe7
15. Rae1 Ba3 16. Ba1 Rad8 17. d5 cxd5 18. cxd5 Nf6 19. Bxf6 Qxf6 20. dxe6 Rxe6
21. Qxb7 Bc5 22. Rxe6 Qxe6 23. Re1 Qf6 24. Qb5 Bb6 25. h3 Qb2 26. Qe2 Qc3 27.
Rd1 Rxd1+ 28. Qxd1 Qb2 29. Qd2 Qa1+ 30. Ne1 Bd4 31. Kh2 Be5+ 32. g3 Bc3 33. Qd8+
Kh7 34. Qd3+ g6 35. Nc2 Qb2 36. Kg2 a5 37. Ne3 Bg7 38. Qc2 Qe5 39. Qc4 f5 40.
Qd5 Qc7 41. Nc4 Bc3 42. Nd6 Qd7 43. Qb7 Qxb7+ 44. Nxb7 Kg7 45. Nc5 Kf6 46. Nd3
g5 47. g4 Kg6 48. f3 h5 49. Kf2 Bd4+ 50. Ke2 fxg4 51. fxg4 hxg4 52. hxg4 Kf6 53.
Kf3 Ke6 54. Ke4 Bc3 55. Nf2 Bf6 56. Nh3 Bd8 57. Kd4 Kd6 58. Kc4 Kc6 59. Nf2 Bb6
60. Ne4 Be3 61. a4 Bc1 62. Nc5 Bd2 63. Ne6 Bc1 64. Nd4+ Kb6 65. Kd5 Bd2 66. Nf3
Bc1 67. Ne5 Bf4 68. Nc4+ Ka6 69. Kc6 Bc1 70. Nd6 Bf4 71. Ne4 1-0

[Event "TCh-RUS Women 2018"]
[Site "Sochi RUS"]
[Date "2018.05.05"]
[Round "5.2"]
[Board "3"]
[White "Kryukova, Irina"]
[Black "Girya, Olga"]
[Result "0-1"]
[WhiteTitle "WGM"]
[BlackTitle "WGM"]
[WhiteElo "2261"]
[BlackElo "2465"]
[WhiteTeam "Moskovskaya oblast"]
[BlackTeam "Ugra"]
[WhiteFideId "4109228"]
[BlackFideId "4195752"]
[EventDate "2018.05.01"]

1. e4 c6 2. d4 d5 3. e5 Bf5 4. c4 e6 5. Nc3 Bb4 6. a3 Bxc3+ 7. bxc3 Ne7 8. Nf3
O-O 9. Be2 Nd7 10. O-O h6 11. h3 dxc4 12. Bxc4 c5 13. a4 Nb6 14. Be2 Nbd5 15.
Qb3 Qb6 16. Qa3 cxd4 17. Nxd4 a5 18. Rd1 Rfd8 19. Nb5 Bc2 20. Rd2 Bg6 21. Rb2
Qc6 22. Nd6 Rab8 23. Bd2 f6 24. f4 fxe5 25. fxe5 Rf8 26. c4 Nf4 27. Bxf4 Rxf4
28. Bf3 Qc7 29. Qe3 Rff8 30. Qb6 Qxb6+ 31. Rxb6 Nc6 32. Bxc6 bxc6 33. Rxc6 Rb2
34. Rf1 Rxf1+ 35. Kxf1 Ra2 36. Rc8+ Kh7 37. c5 Rxa4 38. c6 Ra2 39. c7 Rc2 40.
Kg1 a4 41. Nb5 Be4 42. Re8 a3 43. Nxa3 Rxc7 44. Rxe6 Bd3 45. Rd6 Rc3 46. e6 Kg6
47. e7+ Kf7 48. Rd8 Kxe7 49. Ra8 Rc1+ 50. Kf2 Ra1 51. Ra7+ Kf6 52. Ke3 Bf1 53.
Kf2 Bc4 54. Ra5 Ra2+ 55. Kg3 Bf1 56. Kf4 Bxg2 57. h4 Bf1 58. Nc4 Bxc4 0-1

[Event "TCh-RUS Women 2018"]
[Site "Sochi RUS"]
[Date "2018.05.05"]
[Round "5.2"]
[Board "4"]
[White "Kovanova, Baira"]
[Black "Selifonova, Aleksandra"]
[Result "1-0"]
[WhiteTitle "WGM"]
[WhiteElo "2358"]
[BlackElo "1890"]
[WhiteTeam "Ugra"]
[BlackTeam "Moskovskaya oblast"]
[WhiteFideId "4164083"]
[BlackFideId "24115983"]
[EventDate "2018.05.01"]

1. e4 e5 2. Nf3 Nc6 3. Bb5 a6 4. Ba4 g6 5. O-O Bg7 6. c3 Nge7 7. d4 exd4 8. cxd4
b5 9. Bc2 O-O 10. d5 Na5 11. Nc3 d6 12. Re1 Nc4 13. Bd3 Nb6 14. Rb1 h6 15. Be3
f5 16. Bd4 Bxd4 17. Nxd4 fxe4 18. Bxe4 b4 19. Nce2 Nf5 20. Rc1 Qe7 21. Bxf5 gxf5
22. Nf4 Qh7 23. Qh5 Bb7 24. Re6 Nxd5 25. Rg6+ Kh8 26. Rxh6 1-0

[Event "TCh-RUS Women 2018"]
[Site "Sochi RUS"]
[Date "2018.05.05"]
[Round "5.3"]
[Board "1"]
[White "Dordzhieva, Dinara"]
[Black "Suslova, Alena"]
[Result "1/2-1/2"]
[WhiteTitle "WIM"]
[BlackTitle "WFM"]
[WhiteElo "2301"]
[BlackElo "2153"]
[WhiteTeam "Devyataya gorizontal Moscow"]
[BlackTeam "Yuzny Ural Chelyabinsk"]
[WhiteFideId "24157570"]
[BlackFideId "24111643"]
[EventDate "2018.05.01"]

1. e4 c5 2. Nf3 d6 3. d4 cxd4 4. Nxd4 Nf6 5. Nc3 g6 6. f3 Bg7 7. Be3 a6 8. Qd2
Nbd7 9. g4 h5 10. g5 Nh7 11. O-O-O O-O 12. f4 Re8 13. Bc4 Nhf8 14. Rhf1 Nb6 15.
Bb3 Bg4 16. Rde1 Rc8 17. Bg1 Nc4 18. Qd3 b5 19. h3 Bd7 20. f5 Be5 21. Kb1 e6 22.
h4 Qc7 23. Nd1 a5 24. Bxc4 Qxc4 25. Qd2 b4 26. fxg6 fxg6 27. Nf3 Bg7 28. Bd4 e5
29. b3 Qc6 30. Bb2 Be6 31. Ne3 Red8 32. Nd5 Bxd5 33. exd5 Qb5 34. Rd1 Nd7 35.
Qe3 Rf8 36. Qe4 Kh7 37. Nd2 Nb6 38. Rxf8 Rxf8 39. Nc4 Rf4 40. Qe2 Nxc4 41. bxc4
Qxc4 42. Qxc4 Rxc4 43. Rh1 Rf4 44. a3 e4 45. Bc1 Rf5 46. Rd1 Bc3 47. axb4 axb4
48. Bb2 Rf4 49. Rh1 Bd2 50. Bc1 e3 51. Kb2 Bxc1+ 52. Kxc1 Re4 53. Kd1 e2+ 54.
Ke1 Kg7 55. Rh2 Re5 56. Rxe2 Rxd5 57. Kf2 Kf7 58. Kg3 Rc5 59. Rf2+ Ke6 60. Rf6+
Ke5 61. Rxg6 Rc3+ 62. Kg2 Rxc2+ 63. Kg3 Rc4 64. Rg8 Rg4+ 65. Kh3 d5 66. Rh8 b3
67. Rb8 Kd4 68. Rxb3 Kc4 69. Rg3 d4 70. g6 d3 71. g7 d2 72. Rxg4+ hxg4+ 73. Kg3
d1=Q 74. g8=Q+ Kc5 75. Qc8+ Kb6 76. Qxg4 Qd6+ 77. Kf3 Kc7 78. Qg7+ Kd8 79. Kg4
Qd7+ 80. Qxd7+ Kxd7 81. Kg5 Ke7 82. Kg6 Kf8 83. h5 Kg8 1/2-1/2

[Event "TCh-RUS Women 2018"]
[Site "Sochi RUS"]
[Date "2018.05.05"]
[Round "5.3"]
[Board "2"]
[White "Filippova, Darya"]
[Black "Drozdova, Dina"]
[Result "0-1"]
[WhiteTitle "WFM"]
[BlackTitle "WIM"]
[WhiteElo "1955"]
[BlackElo "2186"]
[WhiteTeam "Yuzny Ural"]
[BlackTeam "Devyataya gorizontal Moscow"]
[WhiteFideId "24173738"]
[BlackFideId "4170695"]
[EventDate "2018.05.01"]

1. Nf3 Nf6 2. d4 e6 3. c4 b6 4. e3 Bb7 5. Bd3 c5 6. O-O Be7 7. Nc3 cxd4 8. exd4
d6 9. d5 exd5 10. cxd5 O-O 11. Bf4 Nbd7 12. Rc1 a6 13. Bb1 b5 14. a3 Nb6 15. Ba2
Rc8 16. Qd3 Re8 17. Ng5 Nc4 18. Rc2 g6 19. Qh3 Nh5 20. Nce4 Bxd5 21. Bc1 Bxe4
22. Nxe4 d5 23. Rd1 Bf8 24. Ng5 Nf6 25. Bxc4 Rxc4 26. Rcd2 Qc7 27. Rxd5 Rxc1 28.
g4 Re1+ 29. Rxe1 Rxe1+ 30. Kg2 Qc6 0-1

[Event "TCh-RUS Women 2018"]
[Site "Sochi RUS"]
[Date "2018.05.05"]
[Round "5.3"]
[Board "3"]
[White "Tomashevskaya, Lidia"]
[Black "Nasybullina, Alfia"]
[Result "1-0"]
[WhiteTitle "WIM"]
[BlackTitle "WFM"]
[WhiteElo "2146"]
[BlackElo "2140"]
[WhiteTeam "Devyataya gorizontal Moscow"]
[BlackTeam "Yuzny Ural Chelyabinsk"]
[WhiteFideId "4113110"]
[BlackFideId "4132416"]
[EventDate "2018.05.01"]

1. d4 d5 2. c4 dxc4 3. e3 e5 4. Bxc4 Nc6 5. Qb3 Qd7 6. dxe5 Nxe5 7. Be2 Qe6 8.
Nd2 Nf6 9. Ngf3 Nxf3+ 10. Bxf3 c6 11. O-O Bd6 12. Nc4 Bc7 13. Rd1 O-O 14. Bd2
Ng4 15. Bxg4 Qxg4 16. Bb4 c5 17. Bxc5 Bxh2+ 18. Kxh2 Qh5+ 19. Kg1 Qxc5 20. Nd6
Be6 21. Qa4 Qg5 22. Rac1 a6 23. b3 b5 24. Qd4 Rad8 25. Rc7 Qg6 26. Nf5 Rde8 27.
Ne7+ Rxe7 28. Rxe7 h5 29. Rc7 Bg4 30. Rdc1 Bf3 31. g3 Be4 32. Re7 Ba8 33. Qf4
Qd3 34. e4 h4 35. Rxf7 Rxf7 36. Rc8+ Kh7 37. Qxh4+ Kg6 38. Qg4+ Kf6 39. Qf5+ 1-0

[Event "TCh-RUS Women 2018"]
[Site "Sochi RUS"]
[Date "2018.05.05"]
[Round "5.3"]
[Board "4"]
[White "Mamontova, Anastasia"]
[Black "Ivanova, Karina"]
[Result "1-0"]
[WhiteTitle "WFM"]
[BlackTitle "WFM"]
[WhiteElo "2051"]
[BlackElo "2128"]
[WhiteTeam "Yuzny Ural"]
[BlackTeam "Devyataya gorizontal Moscow"]
[WhiteFideId "34100234"]
[BlackFideId "24139750"]
[EventDate "2018.05.01"]

1. e4 d6 2. d4 Nf6 3. Nc3 e5 4. Nf3 Nbd7 5. Bc4 Be7 6. O-O O-O 7. a4 c6 8. Re1
b6 9. h3 a6 10. Ba2 Bb7 11. Be3 Qc7 12. Qe2 b5 13. axb5 axb5 14. b4 d5 15. exd5
Bxb4 16. Bd2 Bxc3 17. Bxc3 e4 18. Nh4 cxd5 19. Bb4 Rfd8 20. Bb3 Bc6 21. Nf5 Nb6
22. Be7 Nbd7 23. Bxd8 Qxd8 24. Rxa8 Qxa8 25. Qd2 g6 26. Ne7+ Kf8 27. Qb4 Kg7 28.
Qc3 Bb7 29. Ra1 Qb8 30. Qg3 Qxg3 31. fxg3 Kf8 32. Ra7 Kxe7 33. Rxb7 Kd6 34. Rxb5
e3 35. Kf1 Kc6 36. Ba4 Ne4 37. Rb3+ Kd6 38. Rxe3 Nb6 39. Bb5 f5 40. Ra3 Nc8 41.
Ke2 Ke6 42. Kf3 Ncd6 43. Bc6 Nc4 44. Ra6 Ncd2+ 45. Ke2 Nc4 46. Bb7+ Ned6 47. g4
f4 48. Kf3 g5 49. Bc8+ Ke7 50. Ra7+ Kf6 51. Ba6 Ne3 52. Bd3 h6 1-0

[Event "TCh-RUS Women 2018"]
[Site "Sochi RUS"]
[Date "2018.05.07"]
[Round "6.1"]
[Board "1"]
[White "Dordzhieva, Dinara"]
[Black "Kosteniuk, Alexandra"]
[Result "0-1"]
[WhiteTitle "WIM"]
[BlackTitle "GM"]
[WhiteElo "2301"]
[BlackElo "2555"]
[WhiteTeam "Devyataya gorizontal Moscow"]
[BlackTeam "Legacy Square Capital Moscow"]
[WhiteFideId "24157570"]
[BlackFideId "4128125"]
[EventDate "2018.05.01"]

1. d4 Nf6 2. Nf3 d5 3. Bf4 c5 4. e3 Nc6 5. Nbd2 cxd4 6. exd4 Bg4 7. c3 e6 8. Be2
Bxf3 9. Nxf3 Bd6 10. Bxd6 Qxd6 11. O-O O-O 12. Bd3 Ne4 13. Qe2 f5 14. Ne5 Nxe5
15. dxe5 Qb6 16. Rad1 Rac8 17. c4 dxc4 18. Bxc4 Rc5 19. Rd4 Rxe5 20. Rfd1 Rc5
21. Qe3 Re8 22. g3 h6 23. Bb3 Kh7 24. Rd7 Qb5 25. a4 Qb6 26. Qd4 Rg8 27. Qe3 Qc6
28. f3 Ng5 29. Kf2 Re5 30. Qc3 Qb6+ 31. R1d4 Rc5 32. Qd3 Rf8 33. Kg2 Nf7 34. f4
Rc1 35. Kh3 Qc6 36. Qe3 e5 37. Rd2 exf4 38. gxf4 Rf1 39. R2d3 Qf6 40. Bxf7 Rxf7
41. R3d6 Rxd7 42. Rxf6 gxf6 43. Qe6 Rf3+ 44. Kg2 Rfd3 45. Qxf5+ Kg7 46. Qg4+ Kf7
47. Qh5+ Ke6 48. Qg4+ Kf7 49. Qh5+ Kg7 50. Qg4+ Kf8 51. Qh5 Rd2+ 52. Kf3 R7d3+
53. Ke4 Rd4+ 54. Ke3 R2d3+ 55. Ke2 Kg7 56. Qg4+ Kf7 57. Qh5+ Ke6 58. Qxh6 Rd2+
59. Ke3 R2d3+ 60. Ke2 Rb3 61. Qf8 Re4+ 62. Kd2 Rxb2+ 63. Kc3 Rxh2 64. Qc8+ Kf7
65. Qxb7+ Re7 66. Qd5+ Kg7 67. Qf3 Rc7+ 68. Kd3 Rhc2 69. Qg4+ Kf7 70. Qh5+ Ke6
71. Qb5 R2c3+ 72. Kd2 R3c5 73. Qe8+ Kf5 74. Qd8 Rc2+ 75. Ke1 Ke4 76. Kf1 f5 77.
Qd6 Rc1+ 78. Kg2 R7c2+ 79. Kg3 Rc3+ 80. Kg2 R1c2+ 81. Kg1 Rd3 82. Qb4+ Ke3 83.
Qe7+ Kf3 84. Qb7+ Kxf4 85. Qb1 Rcd2 86. Qb8+ Rd6 87. a5 a6 88. Qb4+ R2d4 89. Qb8
Kf3 90. Qb7+ R6d5 91. Qc6 f4 92. Qb7 Rd1+ 93. Kh2 Rd2+ 94. Kg1 Kg4 95. Qc8+ Kg3
96. Qg8+ Kf3 97. Qa8 Rd1+ 98. Kh2 Kf2 99. Qa7+ R1d4 100. Qh7 f3 101. Qc2+ Rd2
102. Qg6 Rd6 103. Qg5 Kf1+ 104. Kh1 Rd1 105. Qe3 f2 106. Kh2 R1d3 107. Qf4 Ke2
108. Qe4+ Re3 109. Qg4+ Ke1 110. Qb4+ Rd2 111. Qb1+ Rd1 112. Qb4+ Ke2 113. Qb2+
Rd2 114. Qc1 Re4 115. Kg2 Rg4+ 116. Kh2 f1=R 117. Qc6 Rgf4 0-1

[Event "TCh-RUS Women 2018"]
[Site "Sochi RUS"]
[Date "2018.05.07"]
[Round "6.1"]
[Board "2"]
[White "Kashlinskaya, Alina"]
[Black "Drozdova, Dina"]
[Result "1-0"]
[WhiteTitle "IM"]
[BlackTitle "WIM"]
[WhiteElo "2448"]
[BlackElo "2186"]
[WhiteTeam "Legacy Square Capital Moscow"]
[BlackTeam "Devyataya gorizontal Moscow"]
[WhiteFideId "4198026"]
[BlackFideId "4170695"]
[EventDate "2018.05.01"]

1. d4 Nf6 2. c4 e6 3. Nc3 Bb4 4. Qc2 c5 5. dxc5 Na6 6. a3 Bxc3+ 7. Qxc3 Nxc5 8.
f3 d6 9. e4 O-O 10. Be3 Qc7 11. Rd1 e5 12. b4 Ne6 13. Bd3 b6 14. Ne2 Ba6 15. O-O
Rfc8 16. Rc1 Qd7 17. Qd2 Rc7 18. a4 Rac8 19. Qa2 h6 20. Rfd1 Qe8 21. Ng3 Nf4 22.
Bf1 Qe6 23. b5 Bb7 24. a5 bxa5 25. Qxa5 Rd7 26. Qd2 a6 27. Bxf4 exf4 28. Qxf4
axb5 29. cxb5 Rxc1 30. Rxc1 d5 31. e5 Ne8 32. Nf5 g5 33. Qg4 Qxe5 34. Nxh6+ Kg7
35. Nf5+ Kf6 36. g3 Rd8 37. Bd3 Qb2 38. Rd1 Nc7 39. Nd4 Ne6 40. Qf5+ Ke7 41.
Nxe6 fxe6 42. Qh7+ Kf6 43. Re1 Qd4+ 44. Kg2 Bc8 45. Qg6+ Ke7 46. Qxg5+ Kd7 47.
Qg6 Kd6 48. h4 Rf8 49. h5 Bd7 50. Qh6 Rh8 51. Qg6 Ra8 52. h6 Ra3 53. Bf1 Qc3 54.
h7 Qxe1 55. h8=Q Ra2+ 56. Kh3 Qxf1+ 57. Kg4 Ra4+ 58. Kg5 Qxb5 59. Qf8+ Kc7 60.
Qgf6 d4+ 61. Kh6 d3 62. Qc3+ Bc6 63. Qe7+ Kb6 64. Qd8+ Ka7 65. Qcxd3 Qb7 66.
Qe3+ Ka6 67. Qxe6 Rb4 68. Qdd6 Rb6 69. Qa3+ Kb5 70. Qeb3# 1-0